Star Wars: All Planets and Moons: Andor - Statistics

General Stats
  • This quiz has been taken 69 times
    57 since last reset
  • The average score is 12 of 42
Answer Stats
Appearence Hint Answer % Correct
1,2,3,4,5,7,8,9,10,11,12 Cassian, Maarva, Bix, Timm and Brasso all lived there Ferrix
95%
4,5,6,7,8,9,10,11,12 Capital of the Galactic Empire, location of the ISB Central Office and Luthen´s antique shop Coruscant
84%
1,2,4 Cassian killed two Pre-Mor employees on this planet,Syril Karn served here as the Deputy Inspector for the system of this planet Morlana One
81%
4,5,6,7 The planet where Vel, Cassian and the rest of the team robbed a garrison Aldhani
79%
1,2,3 Homeworld of "Kassa" Kenari
77%
7,8,11 After Andor was visiting his mother, he went to this planet and later was mistakenly imprisoned Niamos
67%
8,9,10,11 Moon, which has an imperial underwater prison, with inmates, who has to work in a factory Narkina Five
63%
4,7,8,9,10,11 (mentioned only) Mon Mothmas homeworld Chandrila
60%
4 (mentioned only),12 (post credit) Jung, an imperial officer, explained that there are "proactive measures" for "an increase in construction shipments" going to this planet,Construction of the Death Star was above there Scarif
58%
11 (mentioned only) Luthen took a transponder ID of this planet when he got approached by an Imperial patrol Alderaan
49%
8,11 Saw Gerrera has a base here, which got visited by Luthen Segra Milo
37%
2,3 (mentioned only) Cassian lied about being born there Fest
35%
5 (mentioned only) One of the places Dedra´s attendant Heert names, from which Imperial artefacts have gone missing Kessel
35%
4 (mentioned only) The Galctic empire cut off their shipping lanes to this planet which Mon Mothma feared will lead to a famine Ghorman
33%
3,4,5,8,9 (mentioned only) Cassian mentioned he stole a NS-9 Starpath Unit of an Imperial Naval base from there Steergard
33%
8,9,10,11(mentioned only) Luthen tells in his talk with Saw, that Anto Kreegyr has probbed the Imperial power station at this location Spellhaus
30%
1 (mentioned only) Timm inquired from Cassian and Bix if they are "bidding on the [...] run" Wobani
30%
6 After Vel´s team succeded their mission, they went to this place to try to save Nemik Frezno
28%
5 (mentioned only) One of the places Dedra´s attendant Heert names, from which Imperial artefacts have gone missing Jakku
28%
4 (mentioned only) Luthen offered Mothma a monk cudgel, originating from this planet, as a gift for her husband Perrin Fertha Utapau
28%
4,5 (mentioned only) When Syril traveled to the imperial capital, the intercom on the spaceport mentioned that Telgordo Travel offers flight´s to this planet Hosnian Prime
23%
4 (mentioned only) During a talk with Luthen, Cassian sayed that he fought on this planet as a teenager Mimban
23%
1 (mentioned only) Mentioned by Hyne about Kravas (one of the murdered Deputy Inspectors) being a Squad Commander there Morlana Four
21%
7 (mentioned only) Partagaz ordered Jung, an imperial officer, to get him a full audit of all hyperspace lanes leading to this planet, after he failed to keep pace with his neighboring sectors Ord Mantell
21%
4 (mentioned only) Mining-planet, occupied by the Galactic Empire,mentioned by Supervisor Lagret during a meeting of the ISB Arvala-Six
16%
5 (mentioned only) One of the places Dedra´s attendant Heert names, from which Imperial artefacts have gone missing Fondor
16%
8 (mentioned only) The two prisoners who named their home planet, got both transered to this planet. Belsavis
12%
8 (mentioned only) One of the prisoners (Tuck Hybecks) named this planet as his home, when he got asked by the shore troopers Galdi
12%
5 (mentioned only) Cassian spend there three years at a youth centre from the age of 13 Sipo
12%
9 (mentioned only) Doctor Gorst tortured Bix with a device that uses dying screams of a species from this moon Dizon Fray
7%
8 (mentioned only) One of the prisoners named this planet as their home, when he got asked by the shore troopers Giermos
7%
9 (mentioned only) Dedra tells Bix during her interogation about Paak attending a separatist meeting two years ago at this location
Jondora
7%
8 (mentioned only) Andor named this planet as his home, when he got asked by the shore troopers Deris-plata
5%
9,10 (mentioned only) Kreegyr is on his way to this place while the ISB talks about staging an accident about his ship Kafrene
5%
9 (mentioned only) Heert tells in an ISB meeting that the Imperial masking device the pilot used, who they interrogated, is one of the items stolen from the naval yard of this place Lozash
5%
4 (mentioned only) When Syril traveled to the imperial capital, the intercom on the spaceport mentioned that Telgordo Travel offers flight´s to this planet Plexis
5%
4 (mentioned only) Partagaz told Dedra Meero that he was impressed by her detention numbers from this location Sev Tok
5%
9 (mentioned only) Vel brought Leida a dress as a present from this place Tassio Moon
5%
5 (mentioned only) One of the places Dedra´s attendant Heert names, from which Imperial artefacts have gone missing Base Cay
2%
4 (mentioned only) When Syril traveled to the imperial capital, the intercom on the spaceport mentioned that Telgordo Travel offers flight´s to this planet Eufornis Major
2%
1 (mentioned only) The hostess in a brothell from above offered Cassian a girl who is from the searched planet Tahina
2%
2 (mentioned only) Place where Cassian planed to flee to Tassar
0%
No matching quizzes found
Score Distribution
Percent of People with Each Score
Percentile by Number Answered
Your Score History
You have not taken this quiz since the last reset